Kikuyu folktales. (Record no. 12537)

MARC details
000 -LEADER
fixed length control field 00531cam a22001932 4500
001 - CONTROL NUMBER
control field 0000001426
005 - DATE AND TIME OF LATEST TRANSACTION
control field 20151217155809.0
008 - FIXED-LENGTH DATA ELEMENTS--GENERAL INFORMATION
fixed length control field 070309s xx 000 0 eng d
040 ## - CATALOGING SOURCE
Original cataloging agency KABU
Transcribing agency KABU
050 #0 - LIBRARY OF CONGRESS CALL NUMBER
Classification number GR356.42
Item number .K53G43
100 1# - MAIN ENTRY--PERSONAL NAME
Personal name Gecau, Rose.
-- 0000150162
245 10 - TITLE STATEMENT
Title Kikuyu folktales.
260 ## - PUBLICATION, DISTRIBUTION, ETC. (IMPRINT)
Place of publication, distribution, etc. Nairobi :
Name of publisher, distributor, etc. EALB,
Date of publication, distribution, etc. 1970.
300 ## - PHYSICAL DESCRIPTION
Extent 131 p.
600 10 - SUBJECT ADDED ENTRY--PERSONAL NAME
Personal name Kikuyu (African people)
General subdivision Folklore.
-- 0000149171
908 ## - PUT COMMAND PARAMETER (RLIN)
Put command parameter 070309
950 ## - LOCAL HOLDINGS (RLIN)
-- 1
Holdings
Withdrawn status Lost status Source of classification or shelving scheme Not for loan Home library Current library Date acquired Total Checkouts Full call number Barcode Date last seen Price effective from Koha item type
    Library of Congress Classification   Kabarak, Main Campus Kabarak, Main Campus 17/12/2015   GR356.42 .K53G43 001866 17/12/2015 17/12/2015 Africana Collection
Designed with assistance from East African Informatics Ltd